00561nam a2200181Ia 4500003000900000008004100009040001600050080001300066100001900079245008000098260004000178300001400218490004600232650004100278650002000319650001900339700002100358IN-BaIIA211028s9999 xx 000 0 eng d cIIA Library a533bCLE aClemmow, P. C. 0aElectrodynamics of particles and plasmascClemmow P. C. and Dougherty J. P. aMassachusettsbAddison-Wesleyc1969 aix, 457p. aAddison-Wesley series in advanced physics aAstronomy and astrophysics thesaurus aElectrodynamics aPlasma physics aJ. P. Dougherty